| Tag |
First Indicator |
Second Indicator |
Subfields |
| LEADER |
00000cgm a2200000 i 4500 |
| 001 |
in00003586613 |
| 006 |
m o c |
| 007 |
vz uzazuu |
| 007 |
cr una---unuuu |
| 008 |
150521p20152014cau084 o vleng d |
| 005 |
20260324171620.7 |
| 028 |
5 |
2 |
|a 1143683
|b Kanopy
|
| 035 |
|
|
|a (OCoLC)914226567
|
| 035 |
|
|
|a (CaSfKAN)kan1143683
|
| 040 |
|
|
|a UtOrBLW
|b eng
|e rda
|c UtOrBLW
|d UtOrBLW
|
| 245 |
0 |
0 |
|a Disruption.
|
| 264 |
|
1 |
|a [San Francisco, California, USA] :
|b Kanopy Streaming,
|c 2015.
|
| 300 |
|
|
|a 1 online resource (1 video file, approximately 85 minutes) :
|b digital, .flv file, sound
|
| 336 |
|
|
|a two-dimensional moving image
|b tdi
|2 rdacontent
|
| 337 |
|
|
|a computer
|b c
|2 rdamedia
|
| 338 |
|
|
|a online resource
|b cr
|2 rdacarrier
|
| 344 |
|
|
|a digital
|
| 347 |
|
|
|a video file
|b MPEG-4
|b Flash
|
| 500 |
|
|
|a Title from title frames.
|
| 518 |
|
|
|a Originally produced by New Day Films in 2014.
|
| 520 |
|
|
|a Disruption explores a groundbreaking initiative that seeks to eradicate poverty by empowering women on government assistance programs in Colombia, Peru and Brazil to “save their way out of poverty.” The film interweaves women’s testimonies to the transformative power of financial education with the story of Fundación Capital, a group of dynamic activist-economists that believes when you invest in women you change society. As women share how economic empowerment led to their growth as local political figures, entrepreneurs, and peer-educators, we follow the team at Fundación Capital while they strive to bring their successful grassroots model to millions more women across the region, collaborating with governments and big banks in order to do so. In a time when many of the world’s problems seem intractable, the stories of the characters in Disruption show us how society can be transformed for the better through community-led change.
|
| 538 |
|
|
|a Mode of access: World Wide Web.
|
| 650 |
|
0 |
|a Women
|x Economic conditions
|z Latin America.
|
| 650 |
|
0 |
|a Social change
|x Economic aspects
|z Latin America.
|
| 655 |
|
7 |
|a Internet videos.
|2 lcgft
|0 http://id.loc.gov/authorities/genreForms/gf2011026337
|
| 655 |
|
7 |
|a Nonfiction films.
|2 lcgft
|0 http://id.loc.gov/authorities/genreForms/gf2011026423
|
| 655 |
|
7 |
|a Documentary films.
|2 lcgft
|0 http://id.loc.gov/authorities/genreForms/gf2011026205
|
| 700 |
1 |
|
|a Yates, Pamela,
|e writer,
|e film director.
|0 http://id.loc.gov/authorities/names/no97044870
|
| 700 |
1 |
|
|a Onís, Paco de,
|e writer,
|e producer.
|0 http://id.loc.gov/authorities/names/no2006041912
|
| 700 |
1 |
|
|a Kinoy, Peter,
|e writer.
|0 http://id.loc.gov/authorities/names/no96035577
|
| 710 |
2 |
|
|a Kanopy (Firm)
|0 http://id.loc.gov/authorities/names/no2014091415
|
| 856 |
4 |
0 |
|u http://proxy.library.tamu.edu/login?url=https://texasam.kanopystreaming.com/node/143684
|z Connect to this streaming video
|t 0
|
| 999 |
f |
f |
|s 847b7eed-3cdc-3d19-89c8-0101e4338d86
|i b51d935e-e566-3b22-9e30-80d19b580d51
|t 0
|
| 952 |
f |
f |
|a Texas A&M University
|b College Station
|c Electronic Resources
|s www_evans
|d Available Online
|t 0
|h No information provided
|
| 998 |
f |
f |
|t 0
|l Available Online
|